00327nam a2200145Ia 4500008004100000020001500041041001200056082001100068100001400079245002100093260003800114300000800152650000700160700001400167221030s9999 xx 000 0 und d a8131510285 aEnglish a105.23 aK. Cannon 0aCCNA Study Guide bCengage LearningaNew Delhic2009 a501 aIT aK. Caudle